Güeta: el plan del resurgimiento : (Registro nro. 37736)

Detalles MARC
000 -CABECERA
Longitud fija campo de control 00983nam a2200229 4500
003 - • IDENTIFICADOR DELl NÚMERO DE CONTROL
Identificador del número de control CO-ViMGA
040 ## - FUENTE DE LA CATALOGACIÓN
Centro catalogador de origen CO-ViMGA
Lengua de catalogación spa
Centro transcriptor CO-ViMGA
082 04 - • NÚMERO DE LA CLASIFICACIÓN DECIMAL DEWEY
Número de clasificación (R) 986.100498
Número del ítem C748g
100 1# - • PUNTO DE ACCESO PRINCIPAL-NOMBRE DE PERSONA
Nombre de persona Cristancho Moreno, Eliana,
Fechas asociadas al nombre aut.
245 10 - • TITULO PROPIAMENTE DICHO
Título Güeta: el plan del resurgimiento :
Resto del título comunidad Mhuysqa de Sesquilé /
Mención de responsabilidad, etc. Eliana Cristancho Moreno.
300 ## - • DESCRIPCIÓN FÍSICA
Extensión 295 p. :
Otras características físicas il, ; 23.5 cm.
Material Anexo + CD-ROM.
650 14 - • PUNTO DE ACCESO ADICIONAL DE MATERIA - TÉRMINO DE MATERIA
Término de materia o nombre geográfico como elemento inicial Comunidad indígena Mhuysqa - Sesquilé - Colombia.
650 14 - • PUNTO DE ACCESO ADICIONAL DE MATERIA - TÉRMINO DE MATERIA
Término de materia o nombre geográfico como elemento inicial Indigenas de Colombia - Investigaciones - Sesquilé.
650 14 - • PUNTO DE ACCESO ADICIONAL DE MATERIA - TÉRMINO DE MATERIA
Término de materia o nombre geográfico como elemento inicial Lugares sagrados - Sesquilé - Colombia.
650 14 - • PUNTO DE ACCESO ADICIONAL DE MATERIA - TÉRMINO DE MATERIA
Término de materia o nombre geográfico como elemento inicial Medicina indígena - Sesquilé - Colombia.
650 14 - • PUNTO DE ACCESO ADICIONAL DE MATERIA - TÉRMINO DE MATERIA
Término de materia o nombre geográfico como elemento inicial Protección de los recursos naturales - Sesquilé - Colombia
700 1# - • PUNTO DE ACCESO ADICIONAL - NOMBRE DE PERSONA
Nombre de persona Candil Chautá, Carlos,
Término indicativo de función aut.
700 1# - • PUNTO DE ACCESO ADICIONAL - NOMBRE DE PERSONA
Nombre de persona Santos Curvelo, Roberto,
Término indicativo de función aut.
700 1# - • PUNTO DE ACCESO ADICIONAL - NOMBRE DE PERSONA
Nombre de persona Valenzuela Amaya, Camilo,
Término indicativo de función aut.
942 ## - ENTRADA DE ELEMENTOS AGREGADOS (KOHA)
Fuente de clasificaión o esquema Dewey Decimal Classification
Koha [por defecto] tipo de item LIbro
Existencias
Perdido Fuente de clasificación o esquema Estado Físico No para préstamo Forma de adquisición Localización permanente Localización actual Fecha adquisición Préstamos totales Signatura completa Código de barras Fecha última consulta Número de copia Fecha del precio de reemplazo Tipo de item de Koha
  Dewey Decimal Classification     Sala General Segundo Piso Biblioteca Pública Germán Arciniegas - Villavicencio Biblioteca Pública Germán Arciniegas - Villavicencio 11/02/2016   986.100498 C748g 31455 11/02/2016 Ej. 1 11/02/2016 LIbro
  Dewey Decimal Classification     Sala General Segundo Piso Biblioteca Pública Germán Arciniegas - Villavicencio Biblioteca Pública Germán Arciniegas - Villavicencio 11/02/2016   986.100498 C748g 31456 11/02/2016 Ej. 1 11/02/2016 DVD









Instituto Departamental de Cultura del Meta - Red Departamental de Bibliotecas Públicas del Meta.